|
|
|
|
| LEADER |
00898cam a2200229 7i4500 |
| 001 |
0000044910 |
| 005 |
20230718090000.0 |
| 020 |
|
|
|a 9789830683454 (pbk.)
|
| 090 |
0 |
0 |
|a LB1027.23
|b .S55 2004
|
| 100 |
1 |
|
|a Silberman, Mel
|
| 245 |
1 |
0 |
|a Pembelajaran aktif :
|b 101 strategi untuk mengajar apa jua subjek
|c Mel Silberman ; penterjemah, Zainab Ahmad.
|
| 260 |
|
|
|a Kuala Lumpur:
|b Institut Terjemahan Negara Malaysia,
|c 2004.
|
| 300 |
|
|
|a xiv, 249 p.:
|b ill.;
|c 23 cm.
|
| 490 |
0 |
|
|a Siri pembangunan profesion perguruan
|
| 650 |
0 |
0 |
|a Learning, Psychology of
|
| 650 |
0 |
0 |
|a Activity programs in education
|
| 650 |
0 |
0 |
|a Active learning
|
| 650 |
0 |
0 |
|a Team learning approach in education
|
| 700 |
0 |
|
|a Zainab Ahmad
|
| 997 |
|
|
|a Education & Social Sciences, Faculty
|b Early Chilhood Studies, Department
|
| 998 |
|
|
|a Preschool Education, Diploma
|
| 999 |
|
|
|a 0000055258
|b BOK
|c OPEN SHELF
|e 1st Floor, Bestari Jaya
|